000 00432nam a2200157 i 4500
001 34416
003 ES-MaACL
005 20230906154929.0
007 t|
008 030207s1963 sp ||||1| spa d
100 1 _aBoneo, Martín Alberto.
_930107
245 1 0 _aFrontera al mar /
_cMartín Alberto Boneo.
260 _aBilbao :
_bAlrededor de la Mesa,
_c1963.
300 _a46 p. ;
_c22 cm.
852 _aES-MaACL
_j2036-F-6
_bR.53364
999 _c34416
_d34416